000 00409 a2200169 4500
003 Nust
005 20170207153444.0
040 _cNust
082 _a531
100 _aDr. S.M.A Tirmizi
245 _aMechanics
_bB.Sc Students
_cDr. S.M.A Tirmizi
250 _a2nd ed
260 _aLahore
_bSh. Ghulam Ali & Sons
_c1970
300 _axiv , 182 p
_billus
_c24 cm
600 _aDr. S.M.A Tirmizi
650 _aMechanics
942 _2ddc
_cBK
999 _c186599
_d186599